00230nam a2200097Ia 4500008004100000100002000041245003000061260002400091300000900115650000800124191201s2006 xx 000 0 und d aSCHILDT,Herbert 0aComplete Reference Java 2 aN. DelhibTMHc2006 a1168 aMCA